Diner offert a M. H. Dameth ; Anniversaire séculaire de la naissance de J.-B. Say. (Record no. 183914)
[ view plain ]
| 000 -LEADER | |
|---|---|
| campo de control de longitud fija | 00880nam a2200205 i 4500 |
| 001 - NÚMERO DE CONTROL | |
| campo de control | 183914 |
| 003 - IDENTIFICADOR DE NÚMERO DE CONTROL | |
| campo de control | ES-MaACL |
| 005 - FECHA Y HORA DE LA ÚLTIMA TRANSACCIÓN | |
| campo de control | 20251013213326.0 |
| 008 - DATOS DE LONGITUD FIJA--INFORMACIÓN GENERAL | |
| campo de control de longitud fija | 141126s1867 fr |||| | fre d |
| 245 00 - MENCIÓN DEL TÍTULO | |
| Título | Diner offert a M. H. Dameth ; Anniversaire séculaire de la naissance de J.-B. Say. |
| 260 ## - PUBLICACIÓN, DISTRIBUCIÓN, ETC. | |
| Lugar de publicación, distribución, etc. | Paris : |
| Nombre del editor, distribuidor, etc. | Librairie de Guillaumin et Ce., |
| Fecha de publicación, distribución, etc. | 1867. |
| 300 ## - DESCRIPCIÓN FÍSICA | |
| Extensión | 16 p. ; |
| Dimensiones | 25 cm. |
| 500 ## - NOTA GENERAL | |
| Nota general | Extrait du Journal des Économistes (numéro d'avril 1867) |
| 594 ## - Nota al título y mención de responsabilidad | |
| Nota al título y mención de responsabilidad | Precede al tit.: Société d'Economie Politique de Lyon. Première publication faite en vertu de la décision du 1er. mars 1867. Reunion extraordinaire du 1er. mars 1867. |
| 700 0# - ENTRADA AGREGADA--NOMBRE PERSONAL | |
| Nombre de persona | Dameth, H. |
| 9 (RLIN) | 42566 |
| 700 1# - ENTRADA AGREGADA--NOMBRE PERSONAL | |
| Nombre de persona | Say, Jean Baptiste, |
| Fechas asociadas al nombre | 1767-1832 |
| 9 (RLIN) | 132518 |
| 710 2# - ENTRADA AGREGADA--NOMBRE DE ENTIDAD CORPORATIVA | |
| Nombre de entidad corporativa o nombre de jurisdicción como elemento de entrada | Société d'Économie Politique de Lyon. |
| 9 (RLIN) | 155963 |
| 852 ## - LOCALIZACIÓN | |
| Ubicación | ES-MaACL |
| Número de control de estantería | T-1277-F-1 |
| Nota libre | .- Donat. Boch |
| Estatus retirado | Estado de pérdida | Estado de daño | No para préstamo | Colección | Biblioteca de origen | Biblioteca actual | Ubicación en estantería | Fecha de adquisición | Fuente de adquisición | Total de préstamos | Signatura topográfica completa | Código de barras | Visto por última vez | Precio de reemplazo | Tipo de ítem Koha |
|---|---|---|---|---|---|---|---|---|---|---|---|---|---|---|---|
| Colección de folletos | Biblioteca del Ateneo de Madrid | Biblioteca del Ateneo de Madrid | Depósito folletos | 26/11/2014 | T-1277-F-1 | 1193389 | 23/02/2023 | 23/02/2023 | Folleto |
